Welcome to CU Library Online Public Access Catalogue (OPAC)

Helpmates, harlots, and heroes : (Record no. 6429)

MARC details
000 -LEADER
fixed length control field 00672cam a2200217 a 4500
001 - CONTROL NUMBER
control field 1107617
005 - DATE AND TIME OF LATEST TRANSACTION
control field 20250612131654.0
008 - FIXED-LENGTH DATA ELEMENTS--GENERAL INFORMATION
fixed length control field 931021s1994 kyu b 001 0 eng
020 ## - INTERNATIONAL STANDARD BOOK NUMBER
International Standard Book Number 0664254306 (alk. paper)
050 00 - LIBRARY OF CONGRESS CALL NUMBER
Classification number BS575
Item number .B45 1994
082 00 - DEWEY DECIMAL CLASSIFICATION NUMBER
Classification number 221.9/2/082
Edition information 20
100 1# - MAIN ENTRY--PERSONAL NAME
Personal name Bellis, Alice Ogden,
Dates associated with a name 1950-
245 10 - TITLE STATEMENT
Title Helpmates, harlots, and heroes :
Remainder of title women's stories in the Hebrew Bible /
Statement of responsibility, etc. Alice Ogden Bellis.
250 ## - EDITION STATEMENT
Edition statement 1st ed.
260 ## - PUBLICATION, DISTRIBUTION, ETC.
Place of publication, distribution, etc. Louisville, Ky. :
Name of publisher, distributor, etc. Westminster/John Knox Press,
Date of publication, distribution, etc. c1994.
300 ## - PHYSICAL DESCRIPTION
Extent 281 p. ;
Dimensions 23 cm.
650 #0 - SUBJECT ADDED ENTRY--TOPICAL TERM
Topical term or geographic name entry element Women in the Bible.
650 #0 - SUBJECT ADDED ENTRY--TOPICAL TERM
Topical term or geographic name entry element Feminist theology.
650 #0 - SUBJECT ADDED ENTRY--TOPICAL TERM
Topical term or geographic name entry element Black theology.
942 ## - ADDED ENTRY ELEMENTS (KOHA)
Source of classification or shelving scheme Library of Congress Classification
Koha item type Books
Suppress in OPAC No
999 ## -
-- 6429
-- 6429
Holdings
Withdrawn status Lost status Source of classification or shelving scheme Damaged status Not for loan Collection Home library Current library Shelving location Date acquired Total checkouts Full call number Barcode Date last seen Copy number Price effective from Koha item type
    Library of Congress Classification     Non-fiction Undergraduate Library (Christ Temple) Undergraduate Library (Christ Temple) General stacks 06/12/2025   BS575.B45 BEL ulct00003225 06/12/2025 1 06/02/2025 Books
© 2023-2024 Copyright: Central University Libraries. All Rights Reserved | Created by: Mahone Tech Office